[Event "Deutsche Ländermeisterschaft 2014"]
[Site "Hannover GER"]
[Date "2014.10.07"]
[Round "7"]
[White "Roseneck, Jonas"]
[Black "Weber, Sandra"]
[Result "1/2-1/2"]
[Termination "normal"]
[Board "6.6"]
[WhiteElo "1765"]
[BlackElo "1800"]
[WhiteTeam "Sachsen-Anhalt"]
[BlackTeam "Württemberg"]
[PlyCount "96"]
[WhiteFideId "12939870"]
[BlackFideId "1270049"]
[EventCountry "GER"]
[EventRounds "7"]
[EventType "team-swiss"]
[EventDate "2014.10.02"]

1. e4 c5 2. Nf3 Nc6 3. d4 cxd4 4. Nxd4 g6 5. Nc3 Bg7 6. Be3 Nf6 7. Bc4 Qa5 8.
O-O O-O 9. Nb3 Qc7 10. Bg5 Qb8 11. f4 d6 12. Qd2 a6 13. a4 b6 14. Rae1 Be6 15.
Bd5 Qb7 16. Kh1 Rfe8 17. h3 Bxd5 18. Nxd5 Nh5 19. Kh2 Bxb2 20. c3 Ba3 21. f5 f6
22. Bh4 Ne5 23. fxg6 Nxg6 24. Qh6 Nxh4 25. Qxh5 Ng6 26. Nd4 Rf8 27. Ne6 Rf7 28.
Rb1 Bc5 29. Nxc5 dxc5 30. Rxb6 Qd7 31. Qf5 Qxa4 32. Nc7 Rd8 33. Ne6 Re8 34.
Nxc5 Qa5 35. Rxa6 Qxc3 36. Ne6 Qe5+ 37. Kg1 Qxf5 38. exf5 Ne5 39. Rfa1 h6 40.
Ra8 Rxa8 41. Rxa8+ Kh7 42. Kf2 Nc4 43. Kf3 Nd2+ 44. Ke2 Ne4 45. h4 Ng3+ 46. Kf3
Nxf5 47. g3 Nd6 48. Ra7 Nc4 1/2-1/2

[Event "Deutsche Ländermeisterschaft 2014"]
[Site "Hannover GER"]
[Date "2014.10.07"]
[Round "7"]
[White "Schallner, Marc"]
[Black "Cejda, Cecilia"]
[Result "0-1"]
[Termination "normal"]
[Board "6.7"]
[WhiteElo "1660"]
[BlackElo "1662"]
[WhiteTeam "Württemberg"]
[BlackTeam "Sachsen-Anhalt"]
[PlyCount "194"]
[WhiteFideId "12971243"]
[BlackFideId "12921122"]
[EventCountry "GER"]
[EventRounds "7"]
[EventType "team-swiss"]
[EventDate "2014.10.02"]

1. e4 c5 2. Nf3 d6 3. d4 cxd4 4. Nxd4 Nf6 5. Nc3 a6 6. f3 e6 7. Be3 b5 8. Qd2
Bb7 9. O-O-O Nbd7 10. g4 Nb6 11. Qf2 Nfd7 12. h4 Rc8 13. Bd3 Qc7 14. Kb1 Be7
15. g5 Nc4 16. Bxc4 Qxc4 17. h5 Qc7 18. g6 Nf6 19. h6 Bf8 20. hxg7 Bxg7 21.
Ndxb5 axb5 22. Nxb5 Qb8 23. Nxd6+ Ke7 24. Nxc8+ Bxc8 25. Bc5+ Ke8 26. gxf7+
Kxf7 27. Bd4 Rd8 28. Ba7 Rxd1+ 29. Rxd1 Qb7 30. Qb6 Qxb6 31. Bxb6 Ba6 32. Re1
Nd7 33. Be3 Ne5 34. f4 Nc4 35. Bc1 e5 36. b3 Nd6 37. fxe5 Bxe5 38. Bb2 Bxb2 39.
Kxb2 Bb7 40. e5 Nf5 41. a4 h5 42. Re2 h4 43. c4 Ke6 44. b4 h3 45. Rh2 Bg2 46.
Kc3 Kxe5 47. b5 Nh4 48. a5 Nf3 49. Rxh3 Bxh3 50. Kb4 Kd6 51. c5+ Kc7 52. a6 Nd4
53. Kc4 Ne6 54. Kd5 Nd8 55. b6+ Kb8 56. Kd6 Bg2 57. Kd7 Nc6 58. Kd6 Nb4 59. a7+
Kb7 60. Ke5 Kc8 61. Kd4 Bb7 62. Kc3 Nc6 63. Kc4 Kd7 64. Kb5 Nd8 65. Kb4 Kc6 66.
Ka4 Kxc5 67. Kb3 Kxb6 68. Kc4 Kxa7 69. Kd4 Kb6 70. Ke5 Kc5 71. Kf4 Nc6 72. Ke4
Nd4+ 73. Ke5 Ne2 74. Ke6 Kd4 75. Kd6 Nf4 76. Kc7 Bd5 77. Kd6 Ng6 78. Kd7 Bf7
79. Kd6 Kc4 80. Kc6 Kd4 81. Kd6 Ke4 82. Kc5 Kd3 83. Kd6 Kc4 84. Kc6 Bd5+ 85.
Kd6 Kd4 86. Kd7 Kc5 87. Kd8 Bf7 88. Kc8 Bd5 89. Kd8 Bc6 90. Kc8 Nf8 91. Kb8 Ne6
92. Ka7 Kd5 93. Ka6 Nd4 94. Ka7 Bb5 95. Kb7 Ne6 96. Kc8 Kd6 97. Kb8 Bd7 0-1

[Event "Deutsche Ländermeisterschaft 2014"]
[Site "Hannover GER"]
[Date "2014.10.07"]
[Round "7"]
[White "Delgado, Celina"]
[Black "Höglauer, Jenny"]
[Result "0-1"]
[Termination "normal"]
[Board "6.8"]
[WhiteElo "1168"]
[BlackElo "1026"]
[WhiteTeam "Sachsen-Anhalt"]
[BlackTeam "Württemberg"]
[PlyCount "48"]
[WhiteFideId "12993735"]
[BlackFideId "12982598"]
[EventCountry "GER"]
[EventRounds "7"]
[EventType "team-swiss"]
[EventDate "2014.10.02"]

1. e4 c5 2. Nf3 a6 3. Nc3 e6 4. d4 cxd4 5. Nxd4 Nc6 6. Bc4 Nxd4 7. Qxd4 b5 8.
Bb3 Bb7 9. Bf4 d6 10. Bg3 Nf6 11. Rd1 e5 12. Qd3 Be7 13. O-O O-O 14. Nd5 Nxd5
15. Bxd5 Qd7 16. Bxb7 Qxb7 17. Kh1 Rac8 18. Rc1 Rfd8 19. Qd5 Qxd5 20. exd5 Rc5
21. f4 Rxd5 22. fxe5 dxe5 23. Rce1 f6 24. Re4 Rd2 0-1

[Event "Deutsche Ländermeisterschaft 2014"]
[Site "Hannover GER"]
[Date "2014.10.07"]
[Round "7"]
[White "Baskin, Robert"]
[Black "Hampel, Felix"]
[Result "1-0"]
[Termination "normal"]
[Board "7.1"]
[WhiteElo "2170"]
[BlackElo "2160"]
[WhiteTeam "Hessen 2"]
[BlackTeam "Niedersachsen 2"]
[PlyCount "85"]
[WhiteFideId "24662402"]
[BlackFideId "24668125"]
[EventCountry "GER"]
[EventRounds "7"]
[EventType "team-swiss"]
[EventDate "2014.10.02"]

1. e4 g6 2. d4 Bg7 3. Nc3 d6 4. f4 a6 5. Nf3 b5 6. Bd3 Nd7 7. e5 Nh6 8. O-O O-O
9. Ne4 c5 10. c3 Qb6 11. Kh1 Bb7 12. Qe2 Bd5 13. Be3 Qb7 14. Bg1 cxd4 15. cxd4
f5 16. Nc3 Bxf3 17. Rxf3 d5 18. a4 e6 19. axb5 axb5 20. Rxa8 Rxa8 21. Nxb5 Nf7
22. Rf1 Qb6 23. Rc1 Nd8 24. Qc2 Bf8 25. Bf2 Ra5 26. Qc8 Nb8 27. Nc7 Qxb2 28.
Nxe6 Nbc6 29. Be3 Ra1 30. Rxa1 Qxa1+ 31. Bg1 Qa5 32. Nxd8 Nxd8 33. Qd7 Qa3 34.
Qxd5+ Kg7 35. Qd7+ Qe7 36. Qxe7+ Bxe7 37. d5 Bb4 38. h3 Nb7 39. g4 Bd2 40. gxf5
gxf5 41. Bxf5 Bxf4 42. Bd4 h6 43. Kg2 1-0

[Event "Deutsche Ländermeisterschaft 2014"]
[Site "Hannover GER"]
[Date "2014.10.07"]
[Round "7"]
[White "Phunhon Lopez, Daniel Alejandro"]
[Black "Spitzl, Vinzent"]
[Result "0-1"]
[Termination "normal"]
[Board "7.4"]
[WhiteElo "1807"]
[BlackElo "1964"]
[WhiteTeam "Niedersachsen 2"]
[BlackTeam "Hessen 2"]
[PlyCount "52"]
[WhiteFideId "12952567"]
[BlackFideId "12901253"]
[EventCountry "GER"]
[EventRounds "7"]
[EventType "team-swiss"]
[EventDate "2014.10.02"]

1. e4 c5 2. Nc3 d6 3. Bb5+ Bd7 4. Bxd7+ Qxd7 5. f4 g6 6. d3 Bg7 7. Nf3 Nc6 8.
O-O e6 9. Kh1 Nge7 10. Be3 Rc8 11. Qd2 O-O 12. d4 cxd4 13. Nxd4 Nxd4 14. Bxd4
Bxd4 15. Qxd4 Rc5 16. Rad1 Rd8 17. Rf3 Qc7 18. Qa4 a6 19. Rfd3 Rc6 20. Qa3 b5
21. Qb4 Rc4 22. Qa3 b4 23. Qxa6 bxc3 24. b3 Rxe4 25. Rxd6 Rxd6 26. Rxd6 Re1+
0-1

[Event "Deutsche Ländermeisterschaft 2014"]
[Site "Hannover GER"]
[Date "2014.10.07"]
[Round "7"]
[White "Wilke, Tabea"]
[Black "Polster, Christian"]
[Result "1-0"]
[Termination "normal"]
[Board "7.5"]
[WhiteElo "1750"]
[BlackElo "1818"]
[WhiteTeam "Hessen 2"]
[BlackTeam "Niedersachsen 2"]
[PlyCount "57"]
[WhiteFideId "12910015"]
[BlackFideId "12965081"]
[EventCountry "GER"]
[EventRounds "7"]
[EventType "team-swiss"]
[EventDate "2014.10.02"]

1. e4 c5 2. Nc3 Nc6 3. Bb5 Nd4 4. Bc4 e6 5. Nge2 a6 6. d3 b5 7. Bb3 Nxb3 8.
axb3 Bb7 9. O-O Nf6 10. Ng3 d5 11. e5 Nd7 12. f4 Be7 13. Re1 Qc7 14. Nb1 g6 15.
Nd2 h5 16. Nh1 g5 17. f5 exf5 18. e6 fxe6 19. Rxe6 Nf8 20. Re2 O-O-O 21. Qe1
Bd6 22. Nf3 g4 23. Ne5 Re8 24. Bf4 Re6 25. Ng3 Ng6 26. Nxg6 Rxg6 27. Re8+ Kd7
28. Rxh8 Re6 29. Rh7+ 1-0

[Event "Deutsche Ländermeisterschaft 2014"]
[Site "Hannover GER"]
[Date "2014.10.07"]
[Round "7"]
[White "Reinecke, Katharina"]
[Black "Möller, Hannah"]
[Result "1-0"]
[Termination "normal"]
[Board "7.7"]
[WhiteElo "1647"]
[BlackElo "1573"]
[WhiteTeam "Hessen 2"]
[BlackTeam "Niedersachsen 2"]
[PlyCount "119"]
[WhiteFideId "12929727"]
[BlackFideId "1270514"]
[EventCountry "GER"]
[EventRounds "7"]
[EventType "team-swiss"]
[EventDate "2014.10.02"]

1. d4 Nf6 2. c4 g6 3. g3 Bg7 4. Bg2 d6 5. Nf3 O-O 6. O-O Nbd7 7. Nc3 e5 8. e4
exd4 9. Nxd4 Re8 10. Re1 a5 11. h3 Nc5 12. Bf4 a4 13. Rb1 Nh5 14. Be3 Nf6 15.
Qc2 c6 16. Rbd1 Ncd7 17. Nxa4 Qa5 18. b3 Nc5 19. Nc3 d5 20. exd5 cxd5 21. cxd5
Bd7 22. Kh2 Rac8 23. Qd2 Nxb3 24. Nxb3 Qxc3 25. Qxc3 Rxc3 26. Rc1 Rec8 27. Bb6
Bf8 28. Rxc3 Rxc3 29. Bd4 Nxd5 30. Bxd5 Rc2 31. Bxb7 Rxa2 32. Ra1 Re2 33. Ra8
Re8 34. Rxe8 Bxe8 35. Bf6 Ba4 36. Bd5 Bg7 37. Bxg7 Kxg7 38. Nc5 Bc2 39. Ne4 f5
40. Nd6 Kf6 41. f4 Ba4 42. Ba2 Bc6 43. Bb3 Ke7 44. Nc4 Bd5 45. Nd2 Bxb3 46.
Nxb3 Kf6 47. Nc5 h6 48. Kg2 g5 49. Kf3 Kg6 50. h4 g4+ 51. Ke3 h5 52. Kd4 Kf6
53. Kd5 Kf7 54. Ke5 Kg6 55. Ke6 Kg7 56. Kxf5 Kh6 57. Kf6 Kh7 58. Kg5 Kg7 59.
Kxh5 Kf6 60. Kxg4 1-0

[Event "Deutsche Ländermeisterschaft 2014"]
[Site "Hannover GER"]
[Date "2014.10.07"]
[Round "7"]
[White "Reichelt, Lena"]
[Black "Bürmann, Theresia"]
[Result "1/2-1/2"]
[Termination "normal"]
[Board "7.8"]
[WhiteElo "1274"]
[BlackElo "1253"]
[WhiteTeam "Niedersachsen 2"]
[BlackTeam "Hessen 2"]
[PlyCount "140"]
[WhiteFideId "12981184"]
[BlackFideId "12960241"]
[EventCountry "GER"]
[EventRounds "7"]
[EventType "team-swiss"]
[EventDate "2014.10.02"]

1. d4 d5 2. Nf3 Nc6 3. e3 Nf6 4. c4 e6 5. Nc3 Be7 6. Bd3 b6 7. b3 Bb7 8. O-O
O-O 9. Bb2 a6 10. Qe2 Re8 11. Rac1 Bd6 12. Rfd1 Bf8 13. cxd5 exd5 14. Rc2 Nb4
15. Rcc1 Nxd3 16. Qxd3 Ne4 17. Qc2 Qe7 18. Nxe4 dxe4 19. Ne5 Rac8 20. Nc4 Red8
21. Qb1 b5 22. Nd2 Re8 23. Rc3 Qd7 24. Qc2 Bd6 25. Qc1 h6 26. Ba3 b4 27. Rc2
bxa3 28. Nc4 Bd5 29. Nxd6 Qxd6 30. Rc3 c6 31. Rc5 Ra8 32. Ra5 Ra7 33. Qxa3 Qxa3
34. Rxa3 Rc8 35. Ra5 Rb8 36. Rc5 Rb6 37. Rc3 f5 38. Rdc1 a5 39. Rc5 a4 40. h3
axb3 41. axb3 Ra3 42. R1c3 Raxb3 43. Rxb3 Bxb3 44. Rxf5 Bd5 45. Kh2 g6 46. Re5
Rb2 47. Kg3 Rb3 48. Kf4 g5+ 49. Kf5 Rb2 50. Kg6 Kf8 51. Rf5+ Ke7 52. Kxh6 Ke6
53. Kxg5 Rc2 54. Rf6+ Ke7 55. h4 c5 56. dxc5 Rxc5 57. Kg6 Rc8 58. Kg7 Rg8+ 59.
Kh7 Rxg2 60. Rh6 Rxf2 61. Rg6 Rf5 62. Kg7 Rh5 63. Rg5 Rxg5+ 64. hxg5 Ba2 65.
Kg6 Kd6 66. Kf5 Bd5 67. g6 Kc5 68. g7 Kd6 69. g8=Q Bxg8 70. Kxe4 Ke6 1/2-1/2

[Event "Deutsche Ländermeisterschaft 2014"]
[Site "Hannover GER"]
[Date "2014.10.07"]
[Round "7"]
[White "Eichstaedt, Mirko"]
[Black "Weber, Max"]
[Result "0-1"]
[Termination "normal"]
[Board "8.1"]
[WhiteElo "1994"]
[BlackElo "2188"]
[WhiteTeam "Brandenburg"]
[BlackTeam "Mecklenburg-Vorpommern"]
[PlyCount "72"]
[WhiteFideId "24692310"]
[BlackFideId "4624831"]
[EventCountry "GER"]
[EventRounds "7"]
[EventType "team-swiss"]
[EventDate "2014.10.02"]

1. d4 Nf6 2. Nf3 g6 3. g3 Bg7 4. Bg2 O-O 5. O-O d5 6. c4 dxc4 7. Na3 Nc6 8.
Nxc4 Be6 9. b3 a5 10. Bb2 Bd5 11. Rc1 a4 12. Ne3 Be4 13. Ne5 Bxg2 14. Kxg2 Nb4
15. bxa4 Nfd5 16. N3c4 Nxa2 17. Ra1 Nab4 18. Qb3 Nc6 19. Nxc6 bxc6 20. Ne5 Rb8
21. Qc2 Nb4 22. Qc3 Nd5 23. Qd2 Qd6 24. Rfd1 Rb3 25. e4 Nf6 26. f3 Rfb8 27. Ra2
Nd7 28. Nxd7 Qxd7 29. Ba1 Qc8 30. Qe2 Ra8 31. a5 Rb5 32. d5 Rbxa5 33. Rxa5 Rxa5
34. Bxg7 Kxg7 35. Qb2+ f6 36. dxc6 Qa6 0-1

[Event "Deutsche Ländermeisterschaft 2014"]
[Site "Hannover GER"]
[Date "2014.10.07"]
[Round "7"]
[White "Ispirjan, Mikael"]
[Black "Tiarks, Jann-Christian"]
[Result "1-0"]
[Termination "normal"]
[Board "8.2"]
[WhiteElo "1963"]
[BlackElo "1686"]
[WhiteTeam "Mecklenburg-Vorpommern"]
[BlackTeam "Brandenburg"]
[PlyCount "63"]
[WhiteFideId "1271217"]
[BlackFideId "12951595"]
[EventCountry "GER"]
[EventRounds "7"]
[EventType "team-swiss"]
[EventDate "2014.10.02"]

1. Nf3 Nf6 2. g3 g6 3. Bg2 Bg7 4. O-O O-O 5. c4 c5 6. d4 cxd4 7. Nxd4 Nc6 8. e3
Nxd4 9. exd4 d5 10. c5 Bf5 11. Nc3 Qd7 12. Re1 Rfe8 13. Bf4 h6 14. h4 Rad8 15.
Rc1 Kh7 16. b4 Ne4 17. Ne2 h5 18. Qb3 a6 19. Rcd1 Qc6 20. Nc3 Nxc3 21. Qxc3 Qa4
22. Rd2 Kg8 23. Rde2 Kf8 24. Bg5 f6 25. Bf4 Qc6 26. Qd2 Rd7 27. Bd6 Rxd6 28.
cxd6 Qxd6 29. Qc3 Rc8 30. Qb3 Rd8 31. Rxe7 Be4 32. R7xe4 1-0

[Event "Deutsche Ländermeisterschaft 2014"]
[Site "Hannover GER"]
[Date "2014.10.07"]
[Round "7"]
[White "Schmekel, Florian"]
[Black "Wolff, Marie Antoinette"]
[Result "1-0"]
[Termination "normal"]
[Board "8.4"]
[WhiteElo "1792"]
[BlackElo "1714"]
[WhiteTeam "Mecklenburg-Vorpommern"]
[BlackTeam "Brandenburg"]
[PlyCount "81"]
[WhiteFideId "12913456"]
[BlackFideId "12908258"]
[EventCountry "GER"]
[EventRounds "7"]
[EventType "team-swiss"]
[EventDate "2014.10.02"]

1. d4 d5 2. c4 c6 3. Nf3 Nf6 4. Nc3 e6 5. cxd5 cxd5 6. Bf4 Nbd7 7. e3 Qb6 8.
Qc2 a6 9. Bd3 Be7 10. O-O O-O 11. Rfc1 Qa7 12. a4 b6 13. Ne5 h6 14. Nc6 Qb7 15.
Nxe7+ Kh8 16. Nxc8 Raxc8 17. Qe2 Ra8 18. Na2 b5 19. a5 Rac8 20. Nb4 g5 21. Bg3
Ne4 22. Bxe4 dxe4 23. Rxc8 Rxc8 24. Qd2 Nf6 25. Be5 Kg7 26. Rc1 Kg6 27. Bxf6
Kxf6 28. Rxc8 Qxc8 29. Qc3 Qb7 30. Qc6 Qe7 31. Nd5+ Kg7 32. Nxe7 b4 33. Qxa6 b3
34. Qc6 h5 35. a6 h4 36. a7 g4 37. a8=R h3 38. Rg8+ Kh7 39. Qxe4+ f5 40. Qxe6
hxg2 41. Qg6# 1-0

[Event "Deutsche Ländermeisterschaft 2014"]
[Site "Hannover GER"]
[Date "2014.10.07"]
[Round "7"]
[White "Sauer, Annika"]
[Black "Schamber, Dennis"]
[Result "0-1"]
[Termination "normal"]
[Board "8.5"]
[WhiteElo "1624"]
[BlackElo "1552"]
[WhiteTeam "Brandenburg"]
[BlackTeam "Mecklenburg-Vorpommern"]
[PlyCount "127"]
[WhiteFideId "12952052"]
[BlackFideId "12952176"]
[EventCountry "GER"]
[EventRounds "7"]
[EventType "team-swiss"]
[EventDate "2014.10.02"]

1. d4 Nf6 2. c4 g6 3. Nc3 Bg7 4. e4 d6 5. Nf3 O-O 6. Be2 e5 7. O-O Nbd7 8. d5
Ne8 9. b4 f5 10. Ng5 Ndf6 11. Bd3 f4 12. c5 Nxd5 13. Nf3 Nxc3 14. Qb3+ Kh8 15.
Qxc3 Bg4 16. Bc4 Bxf3 17. Qxf3 Nf6 18. Rd1 g5 19. g4 fxg3 20. hxg3 g4 21. Qe2
h5 22. Bb2 Nh7 23. cxd6 cxd6 24. Rd5 Qf6 25. Rad1 Rad8 26. R1d2 Ng5 27. Kg2 Nf3
28. Rd1 Ng5 29. Bd3 Nh3 30. Rf1 Bh6 31. f3 gxf3+ 32. Rxf3 Qxf3+ 33. Qxf3 Rxf3
34. Kxf3 Ng5+ 35. Ke2 Nf7 36. Kf3 Bd2 37. b5 Rc8 38. Ke2 Bb4 39. a3 Bc5 40. Kf3
Ng5+ 41. Ke2 Nh7 42. Bb1 Nf6 43. Rd1 Ng4 44. Rh1 Kg7 45. Rxh5 Kg6 46. Rh4 Ne3
47. Bc1 Nc4 48. Rh6+ Kg7 49. a4 Rf8 50. Bd3 Nb2 51. Bb1 Nxa4 52. Bd3 Rf2+ 53.
Ke1 Rg2 54. Re6 Rxg3 55. Be2 Nc3 56. Re7+ Kf6 57. Rxb7 Nxe4 58. Rb8 d5 59. Rd8
Nc3 60. Bd2 d4 61. Bxc3 Rxc3 62. Ra8 d3 63. Bd1 Bb4 64. Kd2 0-1

[Event "Deutsche Ländermeisterschaft 2014"]
[Site "Hannover GER"]
[Date "2014.10.07"]
[Round "7"]
[White "Wurst, Benedikt"]
[Black "Röhr, Tobias"]
[Result "0-1"]
[Termination "normal"]
[Board "8.6"]
[WhiteElo "1437"]
[BlackElo "1618"]
[WhiteTeam "Mecklenburg-Vorpommern"]
[BlackTeam "Brandenburg"]
[PlyCount "26"]
[WhiteFideId "12991791"]
[BlackFideId "12963089"]
[EventCountry "GER"]
[EventRounds "7"]
[EventType "team-swiss"]
[EventDate "2014.10.02"]

1. e4 c5 2. Nf3 Nc6 3. d4 cxd4 4. Nxd4 e6 5. Nc3 Qc7 6. Be3 a6 7. Be2 Bb4 8.
Qd2 Nf6 9. f3 d5 10. exd5 Nxd5 11. O-O Nxe3 12. Qxe3 Nxd4 13. Kh1 Bxc3 0-1

[Event "Deutsche Ländermeisterschaft 2014"]
[Site "Hannover GER"]
[Date "2014.10.07"]
[Round "7"]
[White "Gericke, Nicholas"]
[Black "Jörs, Pia-Milena"]
[Result "0-1"]
[Termination "normal"]
[Board "8.7"]
[WhiteElo "1606"]
[BlackElo "1222"]
[WhiteTeam "Brandenburg"]
[BlackTeam "Mecklenburg-Vorpommern"]
[PlyCount "114"]
[WhiteFideId "12952141"]
[BlackFideId "12964646"]
[EventCountry "GER"]
[EventRounds "7"]
[EventType "team-swiss"]
[EventDate "2014.10.02"]

1. e4 e5 2. Nc3 Nc6 3. f4 d6 4. Nf3 Nf6 5. Bb5 exf4 6. d4 Bd7 7. Bxf4 a6 8. Ba4
Be7 9. O-O O-O 10. a3 Re8 11. Bb3 h6 12. Qd3 Na7 13. Ne2 Bf8 14. Ng3 c6 15. c4
c5 16. e5 dxe5 17. dxe5 Nh7 18. Bc2 g6 19. Rac1 Be6 20. Qe3 Qe7 21. b3 h5 22.
Bh6 Bxh6 23. Qxh6 Qf8 24. Qxf8+ Nxf8 25. Ne4 Rec8 26. Nd6 Rc7 27. Be4 Rb8 28.
Bxb7 Rbxb7 29. Nxb7 Rxb7 30. Rb1 Nc6 31. Rfe1 Nd7 32. h3 Kg7 33. Kf2 Kh6 34. h4
Bf5 35. e6 Bxe6 36. Ng5 Nd4 37. Nxe6 Nxe6 38. b4 cxb4 39. axb4 Kg7 40. c5 Nf6
41. Rec1 Nd5 42. c6 Rb5 43. g3 Kf6 44. Ke2 Ke5 45. Kd3 Nxb4+ 46. Ke3 Nd5+ 47.
Kd3 Rxb1 48. Rxb1 Kd6 49. Ra1 Nc5+ 50. Kc4 Kxc6 51. Ra5 Nb6+ 52. Kb4 Nbd7 53.
Ra1 f6 54. Rf1 Ne4 55. Rf3 Ne5 56. Re3 a5+ 57. Ka4 Nc5+ 0-1

[Event "Deutsche Ländermeisterschaft 2014"]
[Site "Hannover GER"]
[Date "2014.10.07"]
[Round "7"]
[White "Eulitz, Charlotte"]
[Black "Pietsch, Katharina"]
[Result "1-0"]
[Termination "normal"]
[Board "8.8"]
[WhiteElo "1469"]
[BlackElo "981"]
[WhiteTeam "Mecklenburg-Vorpommern"]
[BlackTeam "Brandenburg"]
[PlyCount "55"]
[WhiteFideId "12964654"]
[BlackFideId "12997013"]
[EventCountry "GER"]
[EventRounds "7"]
[EventType "team-swiss"]
[EventDate "2014.10.02"]

1. e4 e5 2. Nf3 Nf6 3. Nxe5 d6 4. Nf3 Nxe4 5. Nc3 Nf6 6. d4 d5 7. Bd3 Bd6 8.
O-O O-O 9. Bg5 Be6 10. Re1 Nc6 11. Bb5 Bd7 12. Nxd5 Be7 13. Nxe7+ Nxe7 14. Bxf6
gxf6 15. Bd3 Bg4 16. c3 Bh5 17. Qd2 Bg6 18. Re2 Qd7 19. Rae1 Nf5 20. Bxf5 Bxf5
21. Re7 Qd6 22. R1e2 Kh8 23. Qh6 Bd7 24. Nh4 Rg8 25. R2e3 Rae8 26. Rxe8 Bxe8
27. Nf5 Qc6 28. f3 1-0

[Event "Deutsche Ländermeisterschaft 2014"]
[Site "Hannover GER"]
[Date "2014.10.07"]
[Round "7"]
[White "Rieß, Alexander"]
[Black "Möhn, Hans"]
[Result "0-1"]
[Termination "normal"]
[Board "9.1"]
[WhiteElo "1937"]
[BlackElo "2270"]
[WhiteTeam "Team Nord"]
[BlackTeam "Sachsen"]
[PlyCount "66"]
[WhiteFideId "12953326"]
[BlackFideId "24647837"]
[EventCountry "GER"]
[EventRounds "7"]
[EventType "team-swiss"]
[EventDate "2014.10.02"]

1. d4 Nf6 2. c4 e6 3. Nc3 Bb4 4. Qc2 O-O 5. a3 Bxc3+ 6. Qxc3 b6 7. Bg5 Bb7 8.
f3 h6 9. Bh4 d5 10. e3 Nbd7 11. cxd5 exd5 12. Bd3 Re8 13. Ne2 c5 14. O-O Qe7
15. Bf2 Rac8 16. Qd2 Nf8 17. Rae1 Ne6 18. Ng3 g6 19. e4 dxe4 20. Nxe4 cxd4 21.
Qxh6 Nxe4 22. fxe4 Qf8 23. Qd2 Qg7 24. Bh4 g5 25. Bg3 Rc5 26. Rf5 Bc8 27. b4
Rc3 28. Be5 Qh6 29. Ref1 Nf4 30. R1xf4 Rxe5 31. Rxe5 gxf4 32. Re8+ Kg7 33. Ba6
Bxa6 0-1

[Event "Deutsche Ländermeisterschaft 2014"]
[Site "Hannover GER"]
[Date "2014.10.07"]
[Round "7"]
[White "Richter, Leonard"]
[Black "Nahnsen, Kenneth"]
[Result "1/2-1/2"]
[Termination "normal"]
[Board "9.2"]
[WhiteElo "2130"]
[BlackElo "1960"]
[WhiteTeam "Sachsen"]
[BlackTeam "Team Nord"]
[PlyCount "42"]
[WhiteFideId "12900290"]
[BlackFideId "12957119"]
[EventCountry "GER"]
[EventRounds "7"]
[EventType "team-swiss"]
[EventDate "2014.10.02"]

1. e4 c5 2. Nf3 d6 3. d4 cxd4 4. Nxd4 Nf6 5. Nc3 g6 6. Be3 Bg7 7. f3 O-O 8. Bc4
Nc6 9. Qd2 Nxd4 10. Bxd4 Be6 11. Bb3 Qa5 12. O-O-O b5 13. Kb1 Rfc8 14. Rhe1
Bxb3 15. cxb3 b4 16. Nd5 Nxd5 17. Bxg7 Ne3 18. Rxe3 Kxg7 19. a4 Rc5 20. Rd3 Qb6
21. Rd4 a5 1/2-1/2

[Event "Deutsche Ländermeisterschaft 2014"]
[Site "Hannover GER"]
[Date "2014.10.07"]
[Round "7"]
[White "Schnabel, Bennett"]
[Black "Urban, Konstantin"]
[Result "0-1"]
[Termination "normal"]
[Board "9.3"]
[WhiteElo "1744"]
[BlackElo "1991"]
[WhiteTeam "Team Nord"]
[BlackTeam "Sachsen"]
[PlyCount "40"]
[WhiteFideId "12943290"]
[BlackFideId "12927511"]
[EventCountry "GER"]
[EventRounds "7"]
[EventType "team-swiss"]
[EventDate "2014.10.02"]

1. e4 c5 2. c3 d5 3. exd5 Qxd5 4. d4 Nf6 5. Nf3 Bg4 6. dxc5 Qxc5 7. Be3 Qc7 8.
Nbd2 Nc6 9. Qa4 Bd7 10. Qf4 e5 11. Qg3 Be7 12. h3 Nh5 13. Qh2 f5 14. Nb3 O-O-O
15. Bc5 Bxc5 16. Nxc5 Qb6 17. Nb3 Be6 18. Nfd2 Na5 19. Nxa5 Rxd2 20. Be2 Rxe2+
0-1

[Event "Deutsche Ländermeisterschaft 2014"]
[Site "Hannover GER"]
[Date "2014.10.07"]
[Round "7"]
[White "Zienert, Richard"]
[Black "Helmer, Jan"]
[Result "1-0"]
[Termination "normal"]
[Board "9.4"]
[WhiteElo "1996"]
[BlackElo "1651"]
[WhiteTeam "Sachsen"]
[BlackTeam "Team Nord"]
[PlyCount "69"]
[WhiteFideId "12945986"]
[BlackFideId "12956686"]
[EventCountry "GER"]
[EventRounds "7"]
[EventType "team-swiss"]
[EventDate "2014.10.02"]

1. e4 e6 2. d4 d5 3. Nc3 Bb4 4. e5 c5 5. Bd2 Qc7 6. Nb5 Qd7 7. Bxb4 cxb4 8.
Nd6+ Kf8 9. Nf3 b6 10. Bd3 Ba6 11. Ng5 Nh6 12. Nxh7+ Kg8 13. Ng5 Bxd3 14. Qxd3
a6 15. O-O Nc6 16. f4 Ne7 17. h3 Nc8 18. Nxc8 Qxc8 19. g4 g6 20. a3 Qf8 21.
axb4 Qxb4 22. c3 Qc4 23. Qg3 b5 24. f5 exf5 25. gxf5 Kg7 26. fxg6 fxg6 27. Ne6+
Kh7 28. Rf6 Rhg8 29. Raf1 Nf5 30. Ng5+ Kh8 31. R1xf5 Qe2 32. Nf7+ Kh7 33. Qh4+
Qh5 34. Rxh5+ gxh5+ 35. Ng5+ 1-0

[Event "Deutsche Ländermeisterschaft 2014"]
[Site "Hannover GER"]
[Date "2014.10.07"]
[Round "7"]
[White "Preißler, Niklas"]
[Black "Giede, Anna-Blume"]
[Result "1-0"]
[Termination "normal"]
[Board "9.6"]
[WhiteElo "1795"]
[BlackElo "1456"]
[WhiteTeam "Sachsen"]
[BlackTeam "Team Nord"]
[PlyCount "119"]
[WhiteFideId "12927554"]
[BlackFideId "12921980"]
[EventCountry "GER"]
[EventRounds "7"]
[EventType "team-swiss"]
[EventDate "2014.10.02"]

1. d4 d5 2. Bf4 e6 3. e3 a6 4. Nf3 Be7 5. Bd3 Nf6 6. Nbd2 O-O 7. h3 c5 8. c3
Nbd7 9. O-O b5 10. Ne5 Bb7 11. Bh2 c4 12. Bc2 Nb6 13. f4 Nc8 14. g4 Nd6 15. Qe1
Nfe4 16. Nef3 h6 17. Nxe4 Nxe4 18. Kg2 f5 19. Nd2 Rf6 20. Nxe4 dxe4 21. Kh1 Rg6
22. Rg1 Bh4 23. Qe2 fxg4 24. Rxg4 Rxg4 25. Qxg4 Qf6 26. Bg3 Bxg3 27. Qxg3 Rf8
28. Rg1 Rf7 29. Qg4 Kh8 30. Qg6 Qxg6 31. Rxg6 Rf6 32. Rxf6 gxf6 33. Kg2 Kg7 34.
Kg3 f5 35. Bd1 Bc6 36. Kf2 Kf6 37. Ke1 Ke7 38. Kd2 Kd6 39. b3 cxb3 40. axb3 Bd5
41. Kc2 Kc7 42. Be2 Kb6 43. c4 Bc6 44. Kc3 Kc7 45. Kb4 Kb6 46. c5+ Kb7 47. Ka5
Bd5 48. b4 Bc6 49. Bh5 Ka7 50. Bf7 Bd5 51. Be8 Kb7 52. Bd7 Kc7 53. c6 Bxc6 54.
Bxc6 Kxc6 55. Kxa6 h5 56. h4 Kc7 57. Kxb5 Kb7 58. Kc5 Kc7 59. b5 Kb7 60. Kd6
1-0